Normal view
MARC view
- Signal Processing, Computer-Assisted
Entry Topical Term
001 - CONTROL NUMBER
- control field: 82701
003 - CONTROL NUMBER IDENTIFIER
- control field: NUST
005 - DATE AND TIME OF LATEST TRANSACTION
- control field: 20210924110913.0
008 - FIXED-LENGTH DATA ELEMENTS
- fixed length control field: 210924|| aca||aabn | a|a d
040 ## - CATALOGING SOURCE
- Original cataloging agency: NUST
- Transcribing agency: NUST
150 ## - HEADING--TOPICAL TERM
- Topical term or geographic name entry element: Signal Processing, Computer-Assisted
670 ## - SOURCE DATA FOUND
- Source citation: Work cat.: (NUST)32329: Northrop, Robert B. 59224, Analysis and application of analog electronic circuits to biomedical instrumentation /, c2004.
